Descubriendo la historia : grandes pintores : Rafael /

I tiakina i:
Ngā taipitopito rārangi puna kōrero
Kaituhi matua: Miller, Ronald Mark (prod. ejecutiva)
Ētahi atu kaituhi: Frazee, Jeffery Edwin (producción ejecutiva) (producción ejecutiva), Harris, Scott (producción) (producción), Tabach, Barbara (guión) (guión), Manning, Rick (montaje) (montaje)
Hōputu: Reti
Reo:Pāniora
I whakaputaina: Las Vegas, EUA : American Institute for Education, 2000, c2000
México : En Pantalla Producciones Internacionales [distribución], 2006, c2006
Rangatū:(Descubriendo la Historia)
Ngā marau:
Ngā Tūtohu: Tāpirihia he Tūtohu
Kāore He Tūtohu, Me noho koe te mea tuatahi ki te tūtohu i tēnei pūkete!

MARC

LEADER 00000ngm^a2200000^a^4500
001 000269219
005 20250521000000.0
009 20260310110916.965
037 |a Acervo ITESO - Biblioteca 
041 |a ESP 
082 |a 909.  |b DES V. 3 
100 |a Miller, Ronald Mark  |e (prod. ejecutiva) 
240 1 1 |a [Descubriendo la historia] 
240 1 1 |a [Descubriendo la historia: grandes pintores] 
245 1 0 |a Descubriendo la historia :  |b grandes pintores : Rafael /  |c Prod. ejecutiva de R.M. Miller, J.E. Frazee ; prod. de S. Harris. 
246 2 |a Título en la pantalla: Descubriendo la historia: grandes pintores: Pablo Picasso 
264 4 |a Las Vegas, EUA :  |b American Institute for Education,  |c 2000, c2000 
264 4 |a México :  |b En Pantalla Producciones Internacionales [distribución],  |c 2006, c2006 
300 |a 1 DVD sin dato de región  |c (24, 26 min.) 
336 |a imagen móvil bidimensional  |b tdi  |2 rdacontenido 
337 |a video  |b v  |2 rdamedio 
338 |a videodisco  |b vd  |2 rdasoporte 
440 1 |a (Descubriendo la Historia) 
500 |a Traducción de: Kids Discovering History: Raphael 
500 |a Traducción de: Kids Discovering History: Picasso 
546 |a Doblaje al español 
649 |a XX 
650 |a Pintores Italianos -  |x Biografías 
650 |a Artistas Italianos -  |x Biografías 
650 |a Pintores Españoles -  |x Biografías 
650 |a Artistas Españoles -  |x Biografías 
650 |a Pintura Renacentista -  |z Italia -  |x Historia y Crítica 
650 |a Pintura Renacentista -  |x Historia y Crítica 
650 |a Pintura Italiana -  |x Historia y Crítica 
650 |a Arte Renacentista -  |z Italia -  |x Historia y Crítica 
650 |a Arte Renacentista -  |x Historia y Crítica 
650 |a Arte Italiano -  |x Historia y Crítica 
650 |a Cubismo -  |z España -  |x Historia y Crítica 
650 |a Cubismo -  |x Historia y Crítica 
650 |a Pintura Moderna -  |z España -  |x Historia y Crítica 
650 |a Pintura Moderna -  |x Historia y Crítica 
650 |a Pintura Española -  |x Historia y Crítica 
650 |a Arte Moderno -  |z España -  |x Historia y Crítica 
650 |a Arte Moderno -  |x Historia y Crítica 
650 |a Arte Español -  |x Historia y Crítica 
650 |a Sanzio, Raffaello -  |x Tema Principal 
650 |a Picasso, Pablo -  |x Tema Principal 
740 0 |a Descubriendo la historia :  |b grandes pintores : Picasso /  |c Prod. ejecutiva de R.M. Miller, J.E. Frazee ; prod. de S. Harris. 
700 |a Frazee, Jeffery Edwin  |e (producción ejecutiva) 
700 |a Harris, Scott  |e (producción) 
700 |a Tabach, Barbara  |e (guión) 
700 |a Manning, Rick  |e (montaje) 
910 |a Fondo General 
920 |a Audiovisuales - DVDs 
905 |a 302 
901 |a 0500143804  |b IT2  |c DVS  |u 20250521 
901 |a 0500215209  |b IT2  |c DVS  |i D59508  |u 20250521 
902 |a https://opac.biblio.iteso.mx/vufind/Record/000269219